Cuentos para niños que crecen : (Registro nro. 58032)

Detalles MARC
000 -CABECERA
Longitud fija campo de control 01030nam a22003135a 4500
003 - • IDENTIFICADOR DELl NÚMERO DE CONTROL
Identificador del número de control CO-BoRNBP
005 - • FECHA Y HORA DE LA ÚLTIMA TRANSACCIÓN
Fecha y hora de la última transacción 20260128221336.0
007 - • CAMPO FIJO DE DESCRIPCIÓN FÍSICA
Campo fijo de descripción física ta
008 - • CÓDIGOS DE INFORMACIÓN DE LONGITUD FIJA
Códigos de información de longitud fija 151123s2015 uy a g 000 0dspa d
020 ## - • NÚMERO INTERNACIONAL NORMALIZADO PARA LIBROS
Número Internacional Normalizado para Libros (ISBN) 9789974707306
040 ## - FUENTE DE LA CATALOGACIÓN
Centro catalogador de origen CO-BoBLA
Lengua de catalogación spa
Centro transcriptor CO-BoBLA
082 ## - • NÚMERO DE LA CLASIFICACIÓN DECIMAL DEWEY
Número de edición Primera edición
084 ## - • Clasificación Local Alfanúmerica PNLB
Número de clasificación C ERB
245 10 - • TITULO PROPIAMENTE DICHO
Título Cuentos para niños que crecen :
Resto del título valores y actitudes para ser mejor /
Mención de responsabilidad, etc. Alejandra Erbiti; ilustraciones Oscar Arcuri
250 ## - • MENCIÓN DE EDICIÓN
Mención de edición Primera edición
264 ## - PRODUCCIÓN, PUBLICACIÓN , DISTRIBUCIÓN, FABRICACIÓN Y COPYRIGHT
Lugar de producción, publicación, distribución, fabricación Montevideo, Uruguay
Nombre del productor, editor, distribuidor, fabricante Círculo Latino Austral
Fecha de de producción, publicación, distribución, fabricación o copyright 2015
300 ## - • DESCRIPCIÓN FÍSICA
Extensión 200 páginas,
Otras características físicas ilustraciones a color, tapa dura,
Dimensiones 34 cm
336 ## - TIPO DE CONTENIDO
Fuente rdacontent
Término de tipo de contenido texto
Código de tipo de contenido txt
337 ## - TIPO DE MEDIO
Fuente rdamedia
Nombre del tipo de medio sin mediación
Código del tipo de medio n
338 ## - TIPO DE SOPORTE
Fuente rdacarrier
Nombre del tipo de soporte volumen
Código del tipo de soporte nc
650 ## - • PUNTO DE ACCESO ADICIONAL DE MATERIA - TÉRMINO DE MATERIA
Fuente del encabezamiento o término LEMB
Término de materia o nombre geográfico como elemento inicial Literatura infantil
650 ## - • PUNTO DE ACCESO ADICIONAL DE MATERIA - TÉRMINO DE MATERIA
Fuente del encabezamiento o término LEMB
Término de materia o nombre geográfico como elemento inicial Cuentos infantiles
650 ## - • PUNTO DE ACCESO ADICIONAL DE MATERIA - TÉRMINO DE MATERIA
Fuente del encabezamiento o término LEMB
Término de materia o nombre geográfico como elemento inicial Cuentos clásicos
700 ## - • PUNTO DE ACCESO ADICIONAL - NOMBRE DE PERSONA
Nombre de persona Erbit, Alejandra
Término indicativo de función autora
700 ## - • PUNTO DE ACCESO ADICIONAL - NOMBRE DE PERSONA
Nombre de persona Arcuri, Oscar
Término indicativo de función ilustraciones
910 ## - OPCIONES DE USUARIO DE LOS DATOS (OCLC)
Fecha opción-usuario rechazado
942 ## - ENTRADA DE ELEMENTOS AGREGADOS (KOHA)
Fuente de clasificaión o esquema Dewey Decimal Classification
Koha [por defecto] tipo de item Literatura Infantil
Existencias
Perdido Fuente de clasificación o esquema Estado Físico No para préstamo Forma de adquisición Localización permanente Localización actual Localización en estanterías Fecha adquisición Préstamos totales Signatura completa Código de barras Fecha última consulta Número de copia Fecha del precio de reemplazo Tipo de item de Koha Fuente de adquisición Coste, precio normal de compra Número de registro
  Dewey Decimal Classification     Infantil Biblioteca Pública Dorado Biblioteca Pública Dorado Sala Infantil 02/17/2026   C ERB DOR03296 02/17/2026 Ej.1 02/17/2026 Literatura Infantil      
  Dewey Decimal Classification     Infantil Biblioteca Pública San Carlos de Guaroa - Eduardo Carranza Biblioteca Pública San Carlos de Guaroa - Eduardo Carranza Sala Infantil 12/04/2025   863.01 SG04425 12/04/2025 Ej.1 12/04/2025 LIbro      
  Dewey Decimal Classification     Infantil Biblioteca Pública Castilla La Nueva -Ecobiblioteca Biblioteca Pública Castilla La Nueva -Ecobiblioteca Sala Infantil 08/14/2025   I A863.01 E14c CLN00262 08/14/2025 Ej.1 08/14/2025 LIbro      
  Dewey Decimal Classification       Biblioteca Pública Departamental Eduardo Carranza - Villavicencio Biblioteca Pública Departamental Eduardo Carranza - Villavicencio Sala Infantil 05/12/2026   C ERB ECA28824 05/12/2026 Ej.1 05/12/2026 Literatura Infantil      
  Dewey Decimal Classification     Infantil Biblioteca Pública Guamal Biblioteca Pública Guamal Sala Infantil 01/28/2026   C ERB GUA005039 01/28/2026 Ej.1 01/28/2026 Literatura Infantil      
  Dewey Decimal Classification     Infantil Biblioteca Pública Puerto Concordia Biblioteca Pública Puerto Concordia Sala Infantil 03/03/2025   863.01 0007 10/08/2025 Ej.1 10/08/2025 Libro Infantil IDCM 99000.00 58032









Instituto Departamental de Cultura del Meta - Red Departamental de Bibliotecas Públicas del Meta.